000 00788nac a22001811u 4500
082 _a671.5212
090 _c4121
_d4121
100 _a20080729
110 _aJames F. Lincoln ARC Welding Foundation
245 _aArc welded projects /
_cJames F. Lincoln ARC Welding Foundation
_nVolume 2
260 _aCleveland, Ohio :
_bJames F. Lincoln Arc Welding Foundation,1978
_c1978
300 _a272 p. :
_bill. ;
_c28 cm
500 _a"Volume II. Published as an aid to teaching shop skills and to designing and fabricating arc welded projects."
650 _aElectric welding
650 _aWelding
942 _cBB
_k671.5212
999 _c4121
_d4121